<?xml version="1.0" encoding="UTF-8"?>
<collection xmlns="http://www.loc.gov/MARC21/slim">
 <record>
  <leader>01862nam a2200397 a 4500</leader>
  <controlfield tag="001">29432</controlfield>
  <controlfield tag="003">BD-DhAAL</controlfield>
  <controlfield tag="005">20150624094416.0</controlfield>
  <controlfield tag="008">150624s2010    ii       b    001 0 eng d</controlfield>
  <datafield tag="010" ind1=" " ind2=" ">
   <subfield code="a">  2010347338</subfield>
  </datafield>
  <datafield tag="020" ind1=" " ind2=" ">
   <subfield code="a">9788178242767</subfield>
  </datafield>
  <datafield tag="020" ind1=" " ind2=" ">
   <subfield code="a">817824358X</subfield>
  </datafield>
  <datafield tag="020" ind1=" " ind2=" ">
   <subfield code="a">8178242761</subfield>
  </datafield>
  <datafield tag="037" ind1=" " ind2=" ">
   <subfield code="a">Library of Congress -- New Delhi Overseas Office</subfield>
  </datafield>
  <datafield tag="040" ind1=" " ind2=" ">
   <subfield code="a">DKAGE</subfield>
   <subfield code="b">eng</subfield>
   <subfield code="c">DKAGE</subfield>
   <subfield code="d">DLC</subfield>
   <subfield code="d">BD-DhAAL</subfield>
  </datafield>
  <datafield tag="042" ind1=" " ind2=" ">
   <subfield code="a">lccopycat</subfield>
   <subfield code="a">lcode</subfield>
  </datafield>
  <datafield tag="043" ind1=" " ind2=" ">
   <subfield code="a">a-ii---</subfield>
  </datafield>
  <datafield tag="050" ind1="0" ind2="0">
   <subfield code="a">DS422.C3</subfield>
   <subfield code="b">N25 2010</subfield>
  </datafield>
  <datafield tag="082" ind1="0" ind2="4">
   <subfield code="a">305.5688095487</subfield>
   <subfield code="2">22</subfield>
  </datafield>
  <datafield tag="100" ind1="1" ind2=" ">
   <subfield code="a">Nagaraj, D. R.</subfield>
   <subfield code="q">(Doḍḍabaḷḷāpura Rāmayya),</subfield>
   <subfield code="d">1954-1998.</subfield>
   <subfield code="9">12398</subfield>
  </datafield>
  <datafield tag="245" ind1="1" ind2="4">
   <subfield code="a">The flaming feet and other essays :</subfield>
   <subfield code="b">the dalit movement in India /</subfield>
   <subfield code="c">D.R. Nagaraj ; edited by Prithvi Datta Chandra Shobhi and with a foreword by Ashis Nandy.</subfield>
  </datafield>
  <datafield tag="250" ind1=" " ind2=" ">
   <subfield code="a">Rev. and enl. 2nd ed.</subfield>
  </datafield>
  <datafield tag="260" ind1=" " ind2=" ">
   <subfield code="a">Ranikhet :</subfield>
   <subfield code="b">Permanent Black ;</subfield>
   <subfield code="a">Bangalore :</subfield>
   <subfield code="b">Distributed by Orient Blackswan,</subfield>
   <subfield code="c">2010.</subfield>
  </datafield>
  <datafield tag="300" ind1=" " ind2=" ">
   <subfield code="a">xxviii, 254 p. ;</subfield>
   <subfield code="c">23 cm.</subfield>
  </datafield>
  <datafield tag="504" ind1=" " ind2=" ">
   <subfield code="a">Includes bibliographical references (p. [244]-250) and index.</subfield>
  </datafield>
  <datafield tag="520" ind1=" " ind2=" ">
   <subfield code="a">Chiefly with reference to Karnataka, India.</subfield>
  </datafield>
  <datafield tag="541" ind1=" " ind2=" ">
   <subfield code="e">29432</subfield>
  </datafield>
  <datafield tag="650" ind1=" " ind2="0">
   <subfield code="a">Dalits</subfield>
   <subfield code="x">Political activity</subfield>
   <subfield code="z">India</subfield>
   <subfield code="z">Karnataka.</subfield>
   <subfield code="9">12399</subfield>
  </datafield>
  <datafield tag="650" ind1=" " ind2="0">
   <subfield code="a">Kannada literature</subfield>
   <subfield code="x">Dalit authors</subfield>
   <subfield code="x">History and criticism.</subfield>
   <subfield code="9">12400</subfield>
  </datafield>
  <datafield tag="651" ind1=" " ind2="0">
   <subfield code="a">Karnataka (India)</subfield>
   <subfield code="x">Social conditions.</subfield>
   <subfield code="9">12401</subfield>
  </datafield>
  <datafield tag="651" ind1=" " ind2="0">
   <subfield code="a">Karnataka (India)</subfield>
   <subfield code="x">Politics and government.</subfield>
   <subfield code="9">12402</subfield>
  </datafield>
  <datafield tag="700" ind1="1" ind2=" ">
   <subfield code="a">Shobhi, Prithvi Datta Chandra.</subfield>
   <subfield code="9">12403</subfield>
  </datafield>
  <datafield tag="942" ind1=" " ind2=" ">
   <subfield code="2">ddc</subfield>
   <subfield code="c">BK</subfield>
  </datafield>
  <datafield tag="999" ind1=" " ind2=" ">
   <subfield code="c">34821</subfield>
   <subfield code="d">34821</subfield>
  </datafield>
  <datafield tag="952" ind1=" " ind2=" ">
   <subfield code="0">0</subfield>
   <subfield code="1">0</subfield>
   <subfield code="2">ddc</subfield>
   <subfield code="4">0</subfield>
   <subfield code="6">305_568809548700000_NAG</subfield>
   <subfield code="7">0</subfield>
   <subfield code="9">54489</subfield>
   <subfield code="a">BRACUL</subfield>
   <subfield code="b">BRACUL</subfield>
   <subfield code="c">GEN</subfield>
   <subfield code="d">2015-06-24</subfield>
   <subfield code="e">Riza Enterprise</subfield>
   <subfield code="g">508.00</subfield>
   <subfield code="l">0</subfield>
   <subfield code="o">305.5688095487 NAG</subfield>
   <subfield code="p">3010029432</subfield>
   <subfield code="r">2018-03-25</subfield>
   <subfield code="t">1</subfield>
   <subfield code="w">2015-06-24</subfield>
   <subfield code="y">BK</subfield>
  </datafield>
  <datafield tag="952" ind1=" " ind2=" ">
   <subfield code="0">0</subfield>
   <subfield code="1">0</subfield>
   <subfield code="2">ddc</subfield>
   <subfield code="4">0</subfield>
   <subfield code="6">305_568809548700000_NAG</subfield>
   <subfield code="7">0</subfield>
   <subfield code="9">54490</subfield>
   <subfield code="a">BRACUL</subfield>
   <subfield code="b">BRACUL</subfield>
   <subfield code="c">GEN</subfield>
   <subfield code="d">2015-06-24</subfield>
   <subfield code="e">Riza Enterprise</subfield>
   <subfield code="g">508.00</subfield>
   <subfield code="l">0</subfield>
   <subfield code="o">305.5688095487 NAG</subfield>
   <subfield code="p">3010029433</subfield>
   <subfield code="r">2015-06-24</subfield>
   <subfield code="t">2</subfield>
   <subfield code="w">2015-06-24</subfield>
   <subfield code="y">BK</subfield>
  </datafield>
 </record>
</collection>
